A to Z about Computer: (Record no. 186421)

MARC details
000 -LEADER
fixed length control field 00632nam a22001817a 4500
005 - DATE AND TIME OF LATEST TRANSACTION
control field 20220228112341.0
010 ## - LCCN (DPL NO)
LC control number ENG-131824
020 ## - INTERNATIONAL STANDARD BOOK NUMBER
International Standard Book Number 9789388096362
Terms of availability 499.00
035 ## - SYSTEM CONTROL NUMBER
System control number EN-115356
037 ## - SOURCE OF ACQUISITION
Source of stock number/acquisition DBAD/PUB
082 ## - DEWEY DECIMAL CLASSIFICATION NUMBER
Classification number 004
100 ## - MAIN ENTRY--PERSONAL NAME
Personal name Patra, P. Santosh Kumar
245 ## - TITLE STATEMENT
Title A to Z about Computer:
Remainder of title Fundamentals of Computers and Abbreviations/
Statement of responsibility, etc P. Santosh Kumar Patra
260 ## - PUBLICATION, DISTRIBUTION, ETC. (IMPRINT)
Place of publication, distribution, etc Hyderabad
Name of publisher, distributor, etc SevenHills International Publishers
Date of publication, distribution, etc 2021
270 ## - ADDRESS
City Hyderabad
Address # 326/C, Level-2, Surneni Nilayam Near B K Guda Park, S R Nagar
Postal code 500038
300 ## - PHYSICAL DESCRIPTION
Extent vii, 416p.
Dimensions 24cm(pbk)
942 ## - ADDED ENTRY ELEMENTS (KOHA)
Source of classification or shelving scheme Dewey Decimal Classification
Item type English Books
Classification part 004
Call number suffix PAT
Holdings
Withdrawn status Lost status Not for loan Collection code Home library Current library Date acquired Source of acquisition Cost, normal purchase price Full call number Barcode Copy number Cost, replacement price Koha item type
      Non-fiction Patel Nagar Patel Nagar 28/02/2022 DBAD/PUB 499.00 004 PAT EN-115356 1 499.00 English Books

© Delhi Public Library
Hit Counter
free hit counter